Rois et reines de Russie - Statistiques

Statistiques générales
  • Ce quiz a été pris 3 fois
  • Le résultat moyen est 15 sur 37
Statistiques - réponses
Règne Souverain Surnom Dynastie Statut % Correct
1741 - 1762 Elisabeth "la Clémente" Romanov Impératrice de Russie
100%
1598 - 1605 Boris - Godounov Tsar de Russie
67%
1762 - 1796 Catherine II "la Grande" Romanov Impératrice de Russie
67%
1353 - 1359 Ivan II "le Débonnaire" Riourikides Prince de Moscou
67%
1462 - 1505 Ivan III "le Grand" Riourikides Grand prince de Moscou
67%
1533 - 1584 Ivan IV "le Terrible" Riourikides Tsar de Russie
67%
1825 - 1855 Nicolas I - Romanov Empereur de Russie
67%
1894 - 1917 Nicolas II "le Pacifique" Romanov Empereur de Russie
67%
1969 - 1725 Pierre I "le Grand" Romanov Tsar de Russie, puis empereur de Russie
67%
1727 - 1730 Pierre II - Romanov Empereur de Russie
67%
1762 Pierre III - Romanov Empereur de Russie
67%
1801 - 1825 Alexandre I - Romanov Empereur de Russie
33%
1855 - 1881 Alexandre II "le Libérateur" Romanov Empereur de Russie
33%
1881 - 1894 Alexandre III - Romanov Empereur de Russie
33%
1730 - 1740 Anne - Romanov Impératrice de Russie
33%
1725 - 1727 Catherine I - Romanov Impératrice de Russie
33%
1359 - 1389 Dimitri I - Riourikides Prince de Moscou
33%
1605 - 1606 Dimitri II "l'Usurpateur" Otrepiev Tsar de Russie
33%
1584 - 1598 Fiodor I - Riourikides Tsar de Russie
33%
1605 Fiodor II - Godounov Tsar de Russie
33%
1676 - 1682 Fiodor III - Romanov Tsar de Russie
33%
1598 Irina - Godounov Tsarine de Russie
33%
1325 - 1340 Ivan I "l'Escarelle" Riourikides Prince de Moscou
33%
1682 - 1696 Ivan V - Romanov Tsar de Russie
33%
1740 - 1741 Ivan VI - Brunswick Empereur de Russie
33%
1610 - 1613 Ladislas - Vasa Roi de Pologne et Grand Duc de Lituanie
33%
1613 - 1645 Michel I - Romanov Tsar de Russie
33%
1917 Michel II - Romanov Empereur de Russie
33%
1796 - 1801 Paul - Ascanie Empereur de Russie
33%
1389 - 1425 Vassili I - Riourikides Grand prince de Moscou
33%
1425 - 1462 Vassili II "l'Aveugle" Riourikides Grand prince de Moscou
33%
1505 - 1533 Vassili III "le Grand" Riourikides Grand prince de Moscou
33%
1606 - 1610 Vassili IV - Chouiski Tsar de Russie
33%
1645 - 1676 Alexeï "le Très Paisible" Romanov Tsar de Russie
0%
1283 - 1303 Daniel - Riourikides Prince de Moscou
0%
1303 - 1325 Iouri - Riourikides Prince de Moscou
0%
1340 - 1353 Siméon "le Fier" Riourikides Prince de Moscou
0%
Aucun quiz correspondant
Distribution des résultats
% des personnes avec chaque résultat
Percentile par nombre de réponses
Votre historique - résultats
Vous n’avez pas pris ce quiz